Principios básicos de la fundamentación en el fútbol / (Record no. 104485)

MARC details
000 -CABECERA
campo de control de longitud fija 00569nam a2200193 a 4500
005 - FECHA Y HORA DE LA ÚLTIMA TRANSACCIÓN
campo de control 20250218063824.0
008 - ELEMENTOS DE LONGITUD FIJA--INFORMACIÓN GENERAL
campo de control de longitud fija 040302s2000 mx r 000 0 spa d
020 ## - NÚMERO INTERNACIONAL NORMALIZADO PARA LIBROS
Número Internacional Estándar del Libro 9582005378
035 ## - NÚMERO DE CONTROL DEL SISTEMA
Número de control de sistema UPN01000132330
049 ## - COLECCIÓN
Colección CG
050 #4 - SIGNATURA TOPOGRÁFICA DE LA BIBLIOTECA DEL CONGRESO
Número de clasificación GV943
Número de documento/Ítem G8.6
100 1# - ASIENTO PRINCIPAL--NOMBRE PERSONAL
Nombre de persona Guimaraes Rodríguez, Toninho
9 (RLIN) 35044
245 10 - MENCIÓN DE TÍTULO
Título Principios básicos de la fundamentación en el fútbol /
Mención de responsabilidad, etc. Toninho Guimaraes.
260 ## - PUBLICACIÓN, DISTRIBUCIÓN, ETC.
Lugar de publicación, distribución, etc. Santa Fé de Bogotá :
Nombre del editor, distribuidor, etc. Magisterio,
Fecha de publicación, distribución, etc. 2000.
300 ## - DESCRIPCIÓN FÍSICA
Extensión 180 p. :
Otras características físicas il.
440 #0 - MENCIÓN DE SERIE/ASIENTO SECUNDARIO--TÍTULO
Título Aula alegre
650 #2 - ASIENTO SECUNDARIO DE MATERIA - TERMINO TEMATICO
Término de materia o nombre geográfico como elemento de entrada Futbol (Soccer)
9 (RLIN) 17143
905 ## - TIPO DE MATERIAL
Tipo de material Libro
Holdings
Estado de retiro Estado de pérdida Fuente del sistema de clasificación o colocación Estado dañado No para préstamo Código de colección Localización permanente Ubicación/localización actual Ubicación en estantería Total de préstamos Clasificación Código de barras Fecha visto por última vez Número de copia Tipo de ítem Koha
    Library of Congress Classification     Colección General Bib. Gregorio Torres Quintero Bib. Gregorio Torres Quintero Planta baja   GV943 G8.3 294197 31/12/2020 1 Libro
    Library of Congress Classification     Colección General Bib. Gregorio Torres Quintero Bib. Gregorio Torres Quintero Planta baja 1 GV943 G8.3 294196 31/12/2020 1 Libro
    Library of Congress Classification     Colección General Bib. Gregorio Torres Quintero Bib. Gregorio Torres Quintero Planta baja 11 GV943 G8.3 223610 31/12/2020 1 Libro